000
00289nam a2200109Ia 4500
001
1264701
005
20260417141946.0
008
260417s9999 xx 000 0 und d
020
_a
9786051858012
245
0
_a
Yahya Kemal’e Veda
_c
Abdülhak Şinasi Hisar
260
_b
Everest Yayınları
999
_c
1264701
_d
1264701